[Event "North Bay int"]
[Site "North Bay CAN"]
[Date "1998.08.08"]
[Round "7"]
[White "Nogueiras, Jesus"]
[Black "Hergott, Deen"]
[Result "1-0"]
[WhiteElo "2510"]
[BlackElo "2370"]
[PlyCount "113"]
[EventDate "1998.08.05"]
[EventType "swiss"]
[EventRounds "9"]
[EventCountry "CAN"]
[Source "ChessBase"]
[SourceDate "1998.11.10"]

1. d4 d5 2. c4 c6 3. Nc3 Nf6 4. cxd5 cxd5 5. Bf4 Nc6 6. e3 a6 7. Bd3 Bg4 8. f3
Bd7 9. Bg3 e6 10. Nge2 Rc8 11. O-O Na5 12. b3 Bb4 13. Be1 O-O 14. a3 Be7 15.
Bc2 Qc7 16. Ra2 g6 17. Qd2 b5 18. Bh4 Qb6 19. Rfa1 Kg7 20. Nf4 Nb7 21. Nd3 Qc7
22. Ne2 a5 23. Bg3 Bd6 24. Bxd6 Qxd6 25. b4 a4 26. Nc5 Bc6 27. Nf4 Qe7 28. Qf2
Nd6 29. Re1 Rfd8 30. h4 Be8 31. g4 Nc4 32. g5 Nd7 33. Nfd3 Nxc5 34. bxc5 e5 35.
f4 e4 36. Ne5 f6 37. gxf6+ Qxf6 38. Rb1 Nxe5 39. fxe5 Qxf2+ 40. Kxf2 Bc6 41.
Bd1 Rf8+ 42. Kg2 Rc7 43. Be2 Rb7 44. Rab2 Rfb8 45. Rb4 h6 46. Kg3 Be8 47. Kf2
Bc6 48. Ke1 h5 49. Kd2 Rf7 50. Bxb5 Bxb5 51. Rxb5 Rf2+ 52. Kc3 Rbf8 53. Rb8 Re2
54. R8b7+ Rf7 55. c6 Rxe3+ 56. Kc2 Rd3 57. e6 1-0

[Event "North Bay int"]
[Site "North Bay CAN"]
[Date "1998.08.08"]
[Round "8"]
[White "Hergott, Deen"]
[Black "Olszewski, Piotr"]
[Result "1/2-1/2"]
[WhiteElo "2370"]
[BlackElo "2315"]
[PlyCount "37"]
[EventDate "1998.08.05"]
[EventType "swiss"]
[EventRounds "9"]
[EventCountry "CAN"]
[Source "ChessBase"]
[SourceDate "1998.11.10"]

1. d4 c5 2. dxc5 e6 3. Nc3 Bxc5 4. Ne4 Nf6 5. Nxc5 Qa5+ 6. Qd2 Qxc5 7. Qg5 Qxg5
8. Bxg5 d5 9. f3 e5 10. e3 Be6 11. Bb5+ Nfd7 12. O-O-O f6 13. Bh4 Nc6 14. Ne2
a6 15. Ba4 Nc5 16. Bxc6+ bxc6 17. Bf2 Nd7 18. c4 Nb6 19. cxd5 1/2-1/2

[Event "North Bay int"]
[Site "North Bay CAN"]
[Date "1998.08.09"]
[Round "9"]
[White "Hergott, Deen"]
[Black "Burnett, Ronald"]
[Result "1-0"]
[WhiteElo "2370"]
[BlackElo "2395"]
[PlyCount "49"]
[EventDate "1998.08.05"]
[EventType "swiss"]
[EventRounds "9"]
[EventCountry "CAN"]
[Source "ChessBase"]
[SourceDate "1998.11.10"]

1. Nf3 g6 2. d4 Bg7 3. c4 d6 4. Nc3 Nf6 5. e4 O-O 6. Be2 Bg4 7. Be3 Nfd7 8. Ng1
Bxe2 9. Ngxe2 Nc6 10. O-O e5 11. Rc1 exd4 12. Nxd4 Nde5 13. b3 a6 14. Nxc6 bxc6
15. f4 Nd7 16. Bd4 Bh6 17. Qf3 Qe7 18. Rce1 Bg7 19. Bxg7 Kxg7 20. e5 dxe5 21.
Qxc6 f5 22. Nd5 Qc5+ 23. Qxc5 Nxc5 24. Rxe5 Rf7 25. Nc3 1-0

[Event "Quebec op"]
[Site "Montreal CAN"]
[Date "1998.07.25"]
[Round "1"]
[White "Goldner, John"]
[Black "Hergott, Deen"]
[Result "1/2-1/2"]
[WhiteElo "1689"]
[BlackElo "2373"]
[PlyCount "117"]
[EventDate "1998.07.25"]
[EventType "swiss"]
[EventRounds "9"]
[EventCountry "CAN"]

1. e4 g6 2. d4 d6 3. c4 e5 4. Nf3 exd4 5. Nxd4 Bg7 6. Be2 Nf6 7. Nc3 O-O 8. O-O
Re8 9. Bf3 Nbd7 10. Re1 Nc5 11. Bf4 Nfd7 12. Qd2 Ne5 13. Be2 Nc6 14. Nxc6 bxc6
15. f3 Ne6 16. Be3 c5 17. Rad1 Bd7 18. Nd5 a5 19. Bd3 a4 20. Bc2 Nd4 21. Bg5 f6
22. Be3 Nxc2 23. Qxc2 f5 24. Kh1 Rb8 25. b3 axb3 26. axb3 fxe4 27. fxe4 c6 28.
Nf4 Qe7 29. Bf2 Bg4 30. Rb1 Qf6 31. Bg3 Qc3 32. Qxc3 Bxc3 33. Re3 Bd4 34. Ree1
Bc3 35. Re3 Bd2 36. Rd3 Bxf4 37. Bxf4 Rxe4 38. Bxd6 Ra8 39. h3 Bf5 40. Rbd1 Re2
41. R3d2 Bc2 42. Rxe2 Bxd1 43. Re6 Bxb3 44. Bxc5 Rc8 45. Re4 Ra8 46. Re6 Ra6
47. Re4 Ra5 48. Bd6 Ra4 49. Re8+ Kf7 50. Rf8+ Kg7 51. c5 Ra2 52. Kg1 Bf7 53.
Rb8 Kf6 54. Rc8 h5 55. h4 Kf5 56. Rf8 Ra7 57. Kf2 Kg4 58. g3 Ra2+ 59. Kg1
1/2-1/2

[Event "Quebec op"]
[Site "Montreal CAN"]
[Date "1998.07.26"]
[Round "2"]
[White "Hergott, Deen"]
[Black "Henson, Joshua"]
[Result "1-0"]
[WhiteElo "2373"]
[BlackElo "2140"]
[PlyCount "73"]
[EventDate "1998.07.25"]
[EventType "swiss"]
[EventRounds "9"]
[EventCountry "CAN"]

1. d4 f5 2. Bg5 g6 3. e3 Bg7 4. h4 h6 5. Bf4 Nf6 6. Nc3 O-O 7. Qd2 Kh7 8. Nh3
d6 9. O-O-O c6 10. f3 b5 11. Bd3 Qa5 12. g4 b4 13. Nb1 fxg4 14. fxg4 Bxg4 15.
Rdg1 Bf5 16. Qg2 Qd5 17. Bxf5 Qxf5 18. Nd2 d5 19. Bxb8 Raxb8 20. Nf4 Nd7 21.
Nxg6 Rf7 22. Rf1 Qe6 23. Nf4 Qd6 24. h5 Nf8 25. Rhg1 e5 26. Nd3 Qe6 27. Nxe5
Rxf1+ 28. Nxf1 Bxe5 29. dxe5 Qf7 30. Nh2 Ne6 31. Ng4 Ng5 32. Nxh6 Kxh6 33.
Qxg5+ Kh7 34. e6 Qf8 35. Qg6+ Kh8 36. e7 Qxe7 37. Qh6+ 1-0

[Event "Quebec op"]
[Site "Montreal CAN"]
[Date "1998.07.26"]
[Round "3"]
[White "Poulin, Maurice"]
[Black "Hergott, Deen"]
[Result "1/2-1/2"]
[WhiteElo "2104"]
[BlackElo "2373"]
[PlyCount "48"]
[EventDate "1998.07.25"]
[EventType "swiss"]
[EventRounds "9"]
[EventCountry "CAN"]

1. b3 Nf6 2. Bb2 g6 3. c4 Bg7 4. g3 O-O 5. Bg2 d6 6. Nc3 c5 7. d3 Nc6 8. Qd2
Rb8 9. Nh3 a6 10. Nf4 Nd4 11. h4 h5 12. e3 Ne6 13. Nfd5 b5 14. Ne2 Nxd5 15.
Bxg7 Nxg7 16. Bxd5 e6 17. Bg2 Bb7 18. Bxb7 Rxb7 19. Rc1 Qe7 20. d4 Rc8 21. d5
exd5 22. Qxd5 Ne8 23. Nf4 Nf6 24. Qd3 Qe4 1/2-1/2

[Event "Quebec op"]
[Site "Montreal CAN"]
[Date "1998.07.27"]
[Round "4"]
[White "Hergott, Deen"]
[Black "Lebeau, Gilbert"]
[Result "1-0"]
[WhiteElo "2373"]
[BlackElo "1854"]
[PlyCount "79"]
[EventDate "1998.07.25"]
[EventType "swiss"]
[EventRounds "9"]
[EventCountry "CAN"]

1. d4 Nf6 2. Bg5 e6 3. e4 Be7 4. Nd2 d5 5. e5 Nfd7 6. Bxe7 Qxe7 7. c3 c5 8.
Ngf3 Nc6 9. Bd3 O-O 10. O-O f5 11. exf6 Qxf6 12. dxc5 Nxc5 13. Bc2 e5 14. Nb3
Nxb3 15. Bxb3 Be6 16. Bxd5 Rad8 17. Bxe6+ Qxe6 18. Qb3 Qxb3 19. axb3 e4 20. Ng5
Rd2 21. Nxe4 Rxb2 22. b4 Rd8 23. f3 Kf8 24. Rf2 Rxf2 25. Kxf2 b6 26. Ke3 h6 27.
f4 Rd7 28. g4 Ne7 29. c4 Nc6 30. Rb1 Kf7 31. h4 g6 32. c5 bxc5 33. bxc5 Ke6 34.
Nd6 Kd5 35. Rd1+ Ke6 36. f5+ gxf5 37. gxf5+ Ke7 38. Rg1 Kf8 39. f6 Ne5 40. Ke4
1-0

[Event "Quebec op"]
[Site "Montreal CAN"]
[Date "1998.07.28"]
[Round "5"]
[White "Hergott, Deen"]
[Black "Wenaas, Eric"]
[Result "1-0"]
[WhiteElo "2373"]
[BlackElo "2144"]
[PlyCount "31"]
[EventDate "1998.07.25"]
[EventType "swiss"]
[EventRounds "9"]
[EventCountry "CAN"]

1. Nf3 Nf6 2. c4 e6 3. g3 d5 4. Bg2 Be7 5. O-O O-O 6. d4 dxc4 7. Ne5 c5 8. dxc5
Bxc5 9. Nxc4 Nc6 10. Nc3 a6 11. Bg5 Qe7 12. Bxc6 bxc6 13. Ne4 Kh8 14. Ne5 h6
15. Bxf6 gxf6 16. Qc1 1-0

[Event "Quebec op"]
[Site "Montreal CAN"]
[Date "1998.07.29"]
[Round "6"]
[White "Kosic, Dragan"]
[Black "Hergott, Deen"]
[Result "0-1"]
[WhiteElo "2505"]
[BlackElo "2373"]
[PlyCount "114"]
[EventDate "1998.07.25"]
[EventType "swiss"]
[EventRounds "9"]
[EventCountry "CAN"]

1. Nf3 d5 2. d4 c6 3. Bf4 Bf5 4. e3 e6 5. c4 Qb6 6. Qc1 Nf6 7. Nc3 Nbd7 8. c5
Qd8 9. b4 Nh5 10. b5 Nxf4 11. exf4 Be7 12. Be2 O-O 13. O-O Bf6 14. Ne5 Nxe5 15.
fxe5 Be7 16. bxc6 bxc6 17. Qa3 g5 18. Rad1 f6 19. exf6 Bxf6 20. Bd3 Bg4 21. Be2
Bf5 22. Qa4 Qc7 23. Bd3 Bxd3 24. Rxd3 e5 25. dxe5 Bxe5 26. Qg4 Qg7 27. Ne2 Rae8
28. Rh3 Re7 29. Rh5 h6 30. h4 gxh4 31. Qxh4 Bf6 32. Qa4 Rxe2 33. Qxc6 Bd4 34.
Kh1 Rfxf2 35. Qxd5+ Qf7 36. Rd1 Qxd5 37. Rxd5 Be5 38. c6 Kf7 39. Rd7+ Ke6 40.
Rxa7 Rxg2 41. c7 Rh2+ 42. Kg1 Reg2+ 43. Kf1 Rc2 44. Kg1 Rh4 45. Re1 Kf5 46. Ra5
Rg4+ 47. Kf1 Re4 48. Rxe4 Kxe4 49. Ra6 Bg7 50. Ra3 Be5 51. c8=Q Rxc8 52. Kg2
Bf4 53. Kh1 Rc1+ 54. Kg2 Rc2+ 55. Kh1 Be3 56. Rb3 Kf3 57. a4 Rc4 0-1

[Event "Quebec op"]
[Site "Montreal CAN"]
[Date "1998.07.31"]
[Round "8"]
[White "Nogueiras, Jesus"]
[Black "Hergott, Deen"]
[Result "1/2-1/2"]
[WhiteElo "2510"]
[BlackElo "2370"]
[PlyCount "28"]
[EventDate "1998.07.25"]
[EventType "swiss"]
[EventRounds "9"]
[EventCountry "CAN"]

1. Nf3 d5 2. d4 Nf6 3. c4 c6 4. Nc3 dxc4 5. a4 Bf5 6. e3 e6 7. Bxc4 Bb4 8. O-O
O-O 9. Qe2 Bg6 10. Ne5 Nbd7 11. Rd1 Qa5 12. Nxg6 hxg6 13. Na2 Qxa4 14. e4 b5
1/2-1/2

[Event "Quebec op"]
[Site "Montreal CAN"]
[Date "1998.08.01"]
[Round "9"]
[White "Nataf, Igor A"]
[Black "Hergott, Deen"]
[Result "1-0"]
[WhiteElo "2485"]
[BlackElo "2370"]
[PlyCount "63"]
[EventDate "1998.07.25"]
[EventType "swiss"]
[EventRounds "9"]
[EventCountry "CAN"]

1. e4 e6 2. d4 d5 3. Nc3 Nf6 4. Bg5 dxe4 5. Nxe4 Be7 6. Bxf6 Bxf6 7. Nf3 O-O 8.
Qd2 b6 9. Nxf6+ Qxf6 10. Bd3 Bb7 11. Ng5 g6 12. h4 h6 13. Nf3 Nd7 14. Qxh6 Bxf3
15. gxf3 Qxd4 16. O-O-O Qg7 17. Qe3 Nf6 18. h5 Nxh5 19. Rdg1 Nf6 20. Rh6 Nd5
21. Qd2 Ne7 22. Rgh1 Rfd8 23. Qb4 Rxd3 24. Qh4 Kf8 25. Rh8+ Ng8 26. cxd3 c5 27.
Kb1 Qd4 28. Rxg8+ Kxg8 29. Qh7+ Kf8 30. Qh8+ Ke7 31. Qxa8 Qxd3+ 32. Ka1 1-0

[Event "CAN-op"]
[Site "Ottawa CAN"]
[Date "1998.07.17"]
[Round "8"]
[White "Tyomkin, Dimitri"]
[Black "Hergott, Deen"]
[Result "1-0"]
[WhiteElo "2465"]
[BlackElo "2370"]
[PlyCount "53"]
[EventDate "1998.07.11"]
[EventType "swiss"]
[EventRounds "10"]
[EventCountry "CAN"]
[Source "CFC"]
[SourceDate "1998.09.30"]

1. d4 e6 2. Nf3 c5 3. e3 Nf6 4. Bd3 b6 5. c4 Bb7 6. Nc3 Be7 7. O-O O-O 8. d5
exd5 9. cxd5 Nxd5 10. Nxd5 Bxd5 11. Bxh7+ Kxh7 12. Qxd5 Nc6 13. e4 Qe8 14. Bf4
f5 15. exf5 Nb4 16. Qd2 Rxf5 17. Rae1 Rd5 18. Qe3 Nd3 19. Ng5+ Bxg5 20. Qh3+
Bh6 21. Rxe8 Nxf4 22. Qe3 Nh3+ 23. Qxh3 Rxe8 24. f4 Re4 25. g4 g5 26. Qh5 Kg7
27. h4 1-0

[Event "Toronto int."]
[Site "Toronto CAN"]
[Date "1998.05.14"]
[Round "1"]
[White "Dougherty, Michael"]
[Black "Hergott, Deen"]
[Result "0-1"]
[WhiteElo "2275"]
[BlackElo "2365"]
[PlyCount "30"]
[EventDate "1998.05.14"]
[EventType "swiss"]
[EventRounds "9"]
[EventCountry "CAN"]
[Source "ChessBase"]
[SourceDate "1998.09.09"]

1. e4 c5 2. b4 cxb4 3. a3 d5 4. exd5 Qxd5 5. Bb2 e5 6. axb4 Bxb4 7. Na3 Nf6 8.
Nf3 O-O 9. Be2 Nc6 10. Nc4 e4 11. Nfe5 Nxe5 12. Nxe5 Rd8 13. Nc4 Qg5 14. Kf1
Be6 15. c3 Bxc4 0-1

[Event "Toronto int."]
[Site "Toronto CAN"]
[Date "1998.05.15"]
[Round "2"]
[White "Hergott, Deen"]
[Black "Zugic, Igor"]
[Result "1/2-1/2"]
[WhiteElo "2365"]
[BlackElo "2330"]
[PlyCount "57"]
[EventDate "1998.05.14"]
[EventType "swiss"]
[EventRounds "9"]
[EventCountry "CAN"]
[Source "ChessBase"]
[SourceDate "1998.09.09"]

1. Nf3 d5 2. d4 Nf6 3. c4 e6 4. g3 c6 5. Bg2 Ne4 6. O-O Be7 7. Nbd2 f5 8. Ne5
Nd7 9. Nxd7 Qxd7 10. Nxe4 fxe4 11. f3 exf3 12. Rxf3 Bf6 13. Bf4 O-O 14. c5 Qe8
15. Bd6 Be7 16. Bxe7 Qxe7 17. Rxf8+ Kxf8 18. e4 Bd7 19. Qh5 Kg8 20. Qe5 Qf6 21.
Qxf6 gxf6 22. Re1 Kf7 23. b4 Rb8 24. exd5 cxd5 25. Bh3 Re8 26. Bg2 a6 27. Bf3
Kg6 28. Kf2 Bc6 29. Ke3 1/2-1/2

[Event "Toronto int."]
[Site "Toronto CAN"]
[Date "1998.05.15"]
[Round "3"]
[White "Ochkoos, Jura"]
[Black "Hergott, Deen"]
[Result "1-0"]
[WhiteElo "2270"]
[BlackElo "2365"]
[PlyCount "91"]
[EventDate "1998.05.14"]
[EventType "swiss"]
[EventRounds "9"]
[EventCountry "CAN"]
[Source "ChessBase"]
[SourceDate "1998.09.09"]

1. e4 g6 2. d4 d6 3. Nc3 Bg7 4. h3 Nf6 5. Nf3 c6 6. Be2 O-O 7. O-O Nbd7 8. a4
e5 9. dxe5 dxe5 10. Qd6 Ne8 11. Qa3 Nc7 12. Bg5 Bf6 13. Bxf6 Qxf6 14. Rfd1 Re8
15. a5 Ne6 16. Rd2 Nd4 17. Rad1 Nxf3+ 18. Bxf3 Nf8 19. Qd6 Qg5 20. Kh2 Qf4+ 21.
Kg1 Bxh3 22. a6 Rad8 23. Qxd8 Rxd8 24. Rxd8 bxa6 25. Ra8 Kg7 26. Rxa7 Ne6 27.
Ne2 Qf6 28. Rd6 Kh6 29. b4 Qh8 30. gxh3 Qb8 31. Rdd7 Ng5 32. Bg2 Qxb4 33. h4
Qe1+ 34. Kh2 Qxe2 35. hxg5+ Kxg5 36. Rxf7 Qxc2 37. Rxh7 Qxf2 38. Raf7 Qd2 39.
Rh3 Qd8 40. Rg3+ Kh6 41. Rf2 Kg7 42. Bf3 Qh4+ 43. Kg2 Qf4 44. Re2 Kh6 45. Bg4
Qf7 46. Bf5 1-0

[Event "Toronto int."]
[Site "Toronto CAN"]
[Date "1998.05.16"]
[Round "4"]
[White "Hergott, Deen"]
[Black "Cummings, David"]
[Result "1/2-1/2"]
[WhiteElo "2365"]
[BlackElo "2365"]
[PlyCount "61"]
[EventDate "1998.05.14"]
[EventType "swiss"]
[EventRounds "9"]
[EventCountry "CAN"]
[Source "ChessBase"]
[SourceDate "1998.09.09"]

1. d4 Nf6 2. Nf3 d5 3. c4 c6 4. Nc3 dxc4 5. a4 Bf5 6. Ne5 e6 7. f3 c5 8. e4
cxd4 9. exf5 Bb4 10. Bxc4 dxc3 11. Qxd8+ Kxd8 12. Ke2 cxb2 13. Bxb2 Ke7 14.
fxe6 fxe6 15. Rhb1 Rc8 16. Ba3 Bxa3 17. Rxa3 Rc7 18. Re3 Nbd7 19. Nxd7 Rxc4 20.
Nxf6 Kxf6 21. Rxb7 Rxa4 22. Rc3 Ra2+ 23. Ke3 Rxg2 24. Rcc7 Rg8 25. h4 Rh2 26.
Rf7+ Kg6 27. Rfe7 Rxh4 28. Rxe6+ Kf5 29. Ra6 Re8+ 30. Kf2 Re6 31. Raxa7 1/2-1/2

[Event "Toronto int."]
[Site "Toronto CAN"]
[Date "1998.05.16"]
[Round "5"]
[White "Taylor, Gordon"]
[Black "Hergott, Deen"]
[Result "1/2-1/2"]
[WhiteElo "2325"]
[BlackElo "2365"]
[PlyCount "40"]
[EventDate "1998.05.14"]
[EventType "swiss"]
[EventRounds "9"]
[EventCountry "CAN"]
[Source "ChessBase"]
[SourceDate "1998.09.09"]

1. e4 c5 2. Nf3 e6 3. d4 cxd4 4. Nxd4 Nf6 5. Nc3 Nc6 6. g3 Bb4 7. Bg2 O-O 8.
O-O b6 9. e5 Bxc3 10. bxc3 Nd5 11. Nxc6 dxc6 12. Ba3 Ba6 13. Bxf8 Bxf1 14. Qxf1
Qxf8 15. c4 Nb4 16. c3 Na6 17. Bxc6 Rd8 18. Rd1 f6 19. exf6 Qxf6 20. Rxd8+ Qxd8
1/2-1/2

[Event "Toronto int."]
[Site "Toronto CAN"]
[Date "1998.05.17"]
[Round "6"]
[White "Hergott, Deen"]
[Black "Chow, Albert"]
[Result "1-0"]
[WhiteElo "2365"]
[BlackElo "2330"]
[PlyCount "45"]
[EventDate "1998.05.14"]
[EventType "swiss"]
[EventRounds "9"]
[EventCountry "CAN"]
[Source "ChessBase"]
[SourceDate "1998.09.09"]

1. Nf3 c5 2. c4 Nf6 3. Nc3 e6 4. g3 b6 5. Bg2 Bb7 6. O-O Be7 7. d4 cxd4 8. Qxd4
O-O 9. Rd1 Nc6 10. Qf4 Qb8 11. b3 Rd8 12. Bb2 Qxf4 13. gxf4 d6 14. Nd4 Rac8 15.
f5 Nxd4 16. Bxb7 Rc7 17. fxe6 fxe6 18. Bg2 Nc6 19. Nb5 Rcc8 20. Bxc6 Rxc6 21.
Nd4 Rcc8 22. Nxe6 Re8 23. e3 1-0

[Event "Toronto int."]
[Site "Toronto CAN"]
[Date "1998.05.17"]
[Round "7"]
[White "Goldenberg, Danny"]
[Black "Hergott, Deen"]
[Result "1/2-1/2"]
[WhiteElo "2320"]
[BlackElo "2365"]
[PlyCount "83"]
[EventDate "1998.05.14"]
[EventType "swiss"]
[EventRounds "9"]
[EventCountry "CAN"]
[Source "ChessBase"]
[SourceDate "1998.09.09"]

1. e4 c6 2. d4 d5 3. Nc3 dxe4 4. Nxe4 Bf5 5. Ng3 Bg6 6. h4 h6 7. f4 e6 8. Nf3
Bd6 9. h5 Bh7 10. Bd3 Bxd3 11. Qxd3 Nd7 12. Ne4 Ndf6 13. Nxd6+ Qxd6 14. Bd2 Qd5
15. c4 Qe4+ 16. Qxe4 Nxe4 17. Be3 f5 18. Ne5 Ngf6 19. Rh3 O-O 20. O-O-O Rac8
21. Kc2 Rfd8 22. b4 b5 23. c5 Rc7 24. Kb2 a5 25. bxa5 Ra8 26. Rd3 Rxa5 27. Ra3
Rxa3 28. Kxa3 Ng4 29. Bc1 Nef6 30. Nd3 Nd5 31. Kb3 Ra7 32. a3 Ra4 33. Nb4 Nxb4
34. axb4 Kf7 35. g3 Nf6 36. Rh1 Ra1 37. Kb2 Ra8 38. Kb3 Ne4 39. Rg1 Nf6 40. Rh1
Rd8 41. Bb2 Ra8 42. Bc1 1/2-1/2

[Event "Toronto int."]
[Site "Toronto CAN"]
[Date "1998.05.18"]
[Round "8"]
[White "Hergott, Deen"]
[Black "Milicevic, Goran"]
[Result "1-0"]
[WhiteElo "2365"]
[BlackElo "2370"]
[PlyCount "53"]
[EventDate "1998.05.14"]
[EventType "swiss"]
[EventRounds "9"]
[EventCountry "CAN"]
[Source "ChessBase"]
[SourceDate "1998.09.09"]

1. d4 d5 2. c4 c6 3. Nc3 Nf6 4. Nf3 a6 5. e3 Bf5 6. Qb3 Ra7 7. Bd2 h6 8. cxd5
cxd5 9. Ne5 g5 10. Rc1 Bg7 11. Qa4+ Kf8 12. Bd3 Bxd3 13. Nxd3 b6 14. O-O Ne4
15. Nxe4 dxe4 16. Nb4 Kg8 17. Qc2 f5 18. f3 e5 19. fxe4 exd4 20. exf5 Bf6 21.
exd4 Qxd4+ 22. Kh1 Rf7 23. Bc3 Qd8 24. Bxf6 Qxf6 25. Nd5 Qe5 26. f6 Nd7 27.
Qg6+ 1-0

[Event "Toronto int."]
[Site "Toronto CAN"]
[Date "1998.05.18"]
[Round "9"]
[White "Hergott, Deen"]
[Black "Rozentalis, Eduardas"]
[Result "1/2-1/2"]
[WhiteElo "2365"]
[BlackElo "2610"]
[PlyCount "45"]
[EventDate "1998.05.14"]
[EventType "swiss"]
[EventRounds "9"]
[EventCountry "CAN"]
[Source "ChessBase"]
[SourceDate "1998.09.09"]

1. Nf3 Nf6 2. g3 b6 3. Bg2 Bb7 4. O-O e6 5. c4 Be7 6. Nc3 O-O 7. d4 d5 8. Ne5
Na6 9. Bg5 c5 10. cxd5 exd5 11. e3 Ne4 12. Bxe7 Qxe7 13. Qa4 cxd4 14. Qxd4 Rfd8
15. Rac1 Nac5 16. Nf3 f6 17. Rfd1 a5 18. Na4 Bc6 19. Nxc5 bxc5 20. Qd3 Qb7 21.
Nd2 c4 22. Qd4 Nd6 23. b3 1/2-1/2

[Event "RA Spring op"]
[Site "Ottawa CAN"]
[Date "1998.03.14"]
[Round "2"]
[White "Pacey, Kevin"]
[Black "Hergott, Deen"]
[Result "0-1"]
[WhiteElo "2304"]
[BlackElo "2506"]
[PlyCount "40"]
[EventDate "1998.03.14"]
[EventType "swiss"]
[EventRounds "5"]
[EventCountry "CAN"]

1. Nf3 Nf6 2. d4 c5 3. e3 e6 4. Bd3 b6 5. c4 Bb7 6. Nc3 cxd4 7. exd4 Be7 8. O-O
d5 9. Bg5 dxc4 10. Bxc4 O-O 11. Re1 Nc6 12. a3 Rc8 13. Ba2 Nd5 14. Bxe7 Ncxe7
15. Ne2 Ng6 16. Qd2 Qf6 17. Ng3 Ndf4 18. Ne4 Qf5 19. d5 Qg4 20. Ng3 Nxg2 0-1

[Event "Kingston op"]
[Site "Kingston CAN"]
[Date "1998.02.14"]
[Round "2"]
[White "Cote, Jacques"]
[Black "Hergott, Deen"]
[Result "0-1"]
[WhiteElo "2318"]
[BlackElo "2495"]
[PlyCount "102"]
[EventDate "1998.02.14"]
[EventType "swiss"]
[EventRounds "5"]
[EventCountry "CAN"]

1. f4 d5 2. Nf3 g6 3. g3 Bg7 4. Bg2 c5 5. O-O Nc6 6. c3 Nh6 7. d3 d4 8. h3 Nf5
9. Qe1 h5 10. Na3 dxc3 11. bxc3 Qa5 12. Bb2 Ne3 13. Rf2 Qc7 14. Qd2 Nxg2 15.
Kxg2 Qd7 16. Rh1 b6 17. e4 Ba6 18. d4 Rd8 19. d5 f5 20. Rd1 fxe4 21. Ng5 O-O
22. dxc6 Qxc6 23. Qxd8 Rxd8 24. Rxd8+ Bf8 25. c4 Bb7 26. Nb5 e3+ 27. Rf3 a6 28.
Nc3 Qf6 29. Kf1 Bxf3 30. Nxf3 e5 31. Rd5 exf4 32. Na4 Qe6 33. Ng5 e2+ 34. Ke1
Qe3 35. Re5 Qxg3+ 36. Kxe2 f3+ 37. Nxf3 Qg2+ 38. Ke1 Qxf3 39. Re2 Bg7 40. Bxg7
Kxg7 41. Nxb6 Qxh3 42. Nd5 Qh4+ 43. Kd2 Qxc4 44. Nc3 Qf4+ 45. Kc2 h4 46. Re7+
Kh6 47. Ne4 h3 48. Re8 h2 49. Kd3 h1=Q 50. Rh8+ Kg7 51. Rxh1 Qf3+ 0-1

[Event "Masters-Juniors"]
[Site "Montreal CAN"]
[Date "1997.??.??"]
[Round "1"]
[White "Hua, Lefong"]
[Black "Hergott, Deen"]
[Result "1/2-1/2"]
[WhiteElo "2210"]
[BlackElo "2365"]
[PlyCount "115"]
[EventDate "1997.12.17"]
[EventType "schev"]
[EventRounds "6"]
[EventCountry "CAN"]
[Source "ChessBase"]
[SourceDate "2000.11.22"]

1. d4 e6 2. c4 b6 3. Nf3 Bb7 4. Nc3 f5 5. a3 Nf6 6. g3 Be7 7. Bg2 Ne4 8. Nxe4
Bxe4 9. O-O O-O 10. Nd2 Bxg2 11. Kxg2 d5 12. Qc2 Nc6 13. Nf3 Bf6 14. Rd1 g5 15.
Qa4 Na5 16. b3 Qe8 17. Qxe8 Raxe8 18. cxd5 Nxb3 19. Rb1 Nxc1 20. Rdxc1 g4 21.
Ne5 Bxe5 22. dxe5 exd5 23. Rxc7 Rf7 24. Rc6 Rxe5 25. e3 Rd7 26. Rb5 Re4 27. Rf6
Rf7 28. Rd6 Ra4 29. Rb3 Ra5 30. Rd3 Kg7 31. R6xd5 Rxd5 32. Rxd5 Kf6 33. h4 Ke6
34. Rd8 Rc7 35. Re8+ Kf7 36. Ra8 Ke6 37. Re8+ Kf7 38. Ra8 h6 39. Kf1 a5 40. Rb8
Rc6 41. Ke2 Rc2+ 42. Kd3 Rxf2 43. Rb7+ Kg6 44. Rxb6+ Kh5 45. Rb5 a4 46. e4 Rf3+
47. Ke2 Rxg3 48. Rxf5+ Kxh4 49. e5 Rg2+ 50. Kf1 Rb2 51. e6 g3 52. Rf6 Rb1+ 53.
Kg2 Rb2+ 54. Kf1 Rb1+ 55. Kg2 Re1 56. Rf4+ Kg5 57. Rxa4 Rxe6 58. Kxg3 1/2-1/2

[Event "Masters-Juniors"]
[Site "Montreal CAN"]
[Date "1997.??.??"]
[Round "2"]
[White "Hergott, Deen"]
[Black "Gravel, Simon jr"]
[Result "1-0"]
[WhiteElo "2365"]
[BlackElo "2285"]
[PlyCount "49"]
[EventDate "1997.12.17"]
[EventType "schev"]
[EventRounds "6"]
[EventCountry "CAN"]
[Source "ChessBase"]
[SourceDate "2000.11.22"]

1. d4 Nf6 2. Nf3 e6 3. g3 c5 4. c4 cxd4 5. Nxd4 Nc6 6. Nc3 Bc5 7. Nb3 Bb4 8.
Bg2 O-O 9. O-O Bxc3 10. bxc3 d5 11. cxd5 Nxd5 12. c4 Nb6 13. Qc2 Ne7 14. Rd1
Qc7 15. Ba3 Re8 16. Bd6 Qd8 17. Nc5 Nc6 18. Na6 bxa6 19. Bxc6 Bd7 20. Bxa8 Qxa8
21. Rd4 Rc8 22. Rh4 h6 23. Qd3 Bc6 24. Be5 f6 25. Bxf6 1-0

[Event "Masters-Juniors"]
[Site "Montreal CAN"]
[Date "1997.??.??"]
[Round "3"]
[White "Hergott, Deen"]
[Black "Goldenberg, Danny"]
[Result "1-0"]
[WhiteElo "2365"]
[BlackElo "2255"]
[PlyCount "143"]
[EventDate "1997.12.17"]
[EventType "schev"]
[EventRounds "6"]
[EventCountry "CAN"]
[Source "ChessBase"]
[SourceDate "2000.11.22"]

1. Nf3 c5 2. c4 d6 3. e3 Nf6 4. d4 cxd4 5. exd4 g6 6. Nc3 Bg7 7. Be2 O-O 8. O-O
Bg4 9. Be3 Nc6 10. d5 Bxf3 11. Bxf3 Ne5 12. Be2 Qc8 13. b3 Nfg4 14. Bd4 Nh6 15.
f4 Neg4 16. Bxg7 Kxg7 17. Bxg4 Nxg4 18. Qd4+ Kg8 19. Rae1 Nh6 20. h3 Nf5 21.
Qf2 h5 22. Re4 h4 23. Rfe1 Qc5 24. Nb5 Qxf2+ 25. Kxf2 Rfd8 26. Nd4 Nxd4 27.
Rxd4 Rd7 28. f5 g5 29. Rde4 Kf8 30. g3 hxg3+ 31. Kxg3 f6 32. h4 Kf7 33. hxg5
fxg5 34. Rh1 Rg8 35. Rh7+ Rg7 36. Rxg7+ Kxg7 37. Kg4 Kf7 38. Kxg5 Rd8 39. Re2
Rh8 40. b4 Rg8+ 41. Kf4 Rh8 42. c5 Rh4+ 43. Kg5 Rxb4 44. cxd6 exd6 45. f6 Ra4
46. Re7+ Kf8 47. Rxb7 Rxa2 48. Kg6 Rg2+ 49. Kf5 a5 50. Ra7 Rf2+ 51. Ke6 Re2+
52. Kxd6 Ra2 53. Ke6 Re2+ 54. Kd7 Kf7 55. Rxa5 Kxf6 56. Ra6+ Kf7 57. Re6 Ra2
58. Re1 Ra7+ 59. Kc6 Ra6+ 60. Kc7 Ra7+ 61. Kb6 Ra2 62. d6 Rd2 63. Kc7 Kf6 64.
d7 Rc2+ 65. Kd8 Kf7 66. Rf1+ Kg7 67. Rf4 Rc1 68. Ke7 Re1+ 69. Kd6 Rd1+ 70. Ke6
Kg6 71. Rf6+ Kg7 72. Rf5 1-0

[Event "Masters-Juniors"]
[Site "Montreal CAN"]
[Date "1997.??.??"]
[Round "5"]
[White "Dumesnil, Etienne"]
[Black "Hergott, Deen"]
[Result "1/2-1/2"]
[WhiteElo "1775"]
[BlackElo "2365"]
[PlyCount "66"]
[EventDate "1997.12.17"]
[EventType "schev"]
[EventRounds "6"]
[EventCountry "CAN"]
[Source "ChessBase"]
[SourceDate "2000.11.22"]

1. e4 c5 2. Nf3 Nc6 3. d4 cxd4 4. Nxd4 g6 5. Nc3 Bg7 6. Be3 Nf6 7. Be2 O-O 8.
f3 d5 9. exd5 Nxd5 10. Nxd5 Qxd5 11. Nxc6 Qxc6 12. c3 Be6 13. O-O Bxa2 14. Bd4
Bxd4+ 15. Qxd4 Rfd8 16. Qe3 Qe6 17. Qxe6 Bxe6 18. Rfd1 Rxd1+ 19. Rxd1 a5 20.
Rd4 Rc8 21. Bb5 Rc5 22. c4 Kg7 23. Kf2 h5 24. b3 g5 25. Rd8 Bf5 26. Rb8 Rc7 27.
Ra8 Bc2 28. Ba4 Rc5 29. Ra7 Re5 30. Rxb7 Bd3 31. Rd7 Re2+ 32. Kf1 Re3+ 33. Kf2
Re2+ 1/2-1/2